Statistical analysis of random fields (Record no. 545684)

MARC details
000 -LEADER
fixed length control field 00733nam a2200253Ia 4500
003 - CONTROL NUMBER IDENTIFIER
control field OSt
005 - DATE AND TIME OF LATEST TRANSACTION
control field 20220925203248.0
008 - FIXED-LENGTH DATA ELEMENTS--GENERAL INFORMATION
fixed length control field 220923b |||||||| |||| 00| 0 eng d
037 ## - SOURCE OF ACQUISITION
Terms of availability General Book
040 ## - CATALOGING SOURCE
Original cataloging agency RTL
Transcribing agency RTL
Language of cataloging eng
041 ## - LANGUAGE CODE
Source of code eng
Language code of text/sound track or separate title eng
100 ## - MAIN ENTRY--PERSONAL NAME
Personal name Ivanov A V
9 (RLIN) 265284
245 #0 - TITLE STATEMENT
Title Statistical analysis of random fields
260 ## - PUBLICATION, DISTRIBUTION, ETC.
Place of publication, distribution, etc. Dordrecht
Name of publisher, distributor, etc. Kluwer Academic
Date of publication, distribution, etc. 1989
300 ## - PHYSICAL DESCRIPTION
Extent x,244p
Dimensions cm.
490 ## - SERIES STATEMENT
Series statement Mathematics and its Appliations: Soviet Series.
500 ## - GENERAL NOTE
General note Bibliography: P 216-32
700 ## - ADDED ENTRY--PERSONAL NAME
Personal name Leonenko N N
9 (RLIN) 265285
942 ## - ADDED ENTRY ELEMENTS (KOHA)
Classification part B281, M9
Koha item type General Books
Source of classification or shelving scheme Colon Classification (CC)
Holdings
Withdrawn status Lost status Damaged status Not for loan Home library Current library Date acquired Total Checkouts Full call number Barcode Date last seen Price effective from Koha item type
        Ratan Tata Library Ratan Tata Library 2022-09-25   B281 M9 RT1049176 2022-09-25 2022-09-25 General Books
Copyright @ Delhi University Library System